Score 0/192 Timer 07:00
2 Plays Today
% Correct
move, as a river
99.5%
FINISH
99.1%
like a sloth
96.9%
soared
96.8%
FLOW
96.8%
0~O~0~O~0~O~0
96.2%
0~O~0~O~0~O~0
96.2%
display
94.1%
SLOW
94%
ran away
93.3%
FLEW
93.2%
0~O~0~O~0~O~0
92.1%
0~O~0~O~0~O~0
92.1%
a store
92.1%
SHOW
92%
0~O~0~O~0~O~0
89%
0~O~0~O~0~O~0
89%
0~O~0~O~0~O~0
88.4%
0~O~0~O~0~O~0
88.4%
cleave
87.7%
SHOP
87.5%
bend
86.8%
winter slider
86.8%
FLED
86.7%
plant starter
85.9%
SLED
85.7%
0~O~0~O~0~O~0
84.8%
0~O~0~O~0~O~0
84.8%
marsh grass
82.3%
SEED
82.2%
chicken dwelling
81.2%
bloke
81.1%
CHOP
80.9%
0~O~0~O~0~O~0
80.6%
0~O~0~O~0~O~0
80.6%
circle
78.9%
COOP
78.6%
0~O~0~O~0~O~0
76.9%
0~O~0~O~0~O~0
76.9%
0~O~0~O~0~O~0
75.6%
0~O~0~O~0~O~0
75.6%
Canadian bird
75.1%
plunder
75%
LOOP
74.7%
0~O~0~O~0~O~0
74.4%
0~O~0~O~0~O~0
74.4%
applaud
73.4%
0~O~0~O~0~O~0
73.4%
0~O~0~O~0~O~0
73.4%
African nation
73.3%
CHAP
73.3%
CLAP
73.1%
animal nail
73.1%
CLAW
70.5%
0~O~0~O~0~O~0
68.5%
0~O~0~O~0~O~0
68.5%
0~O~0~O~0~O~0
68.2%
0~O~0~O~0~O~0
68.2%
benefit
67.5%
midday
67.3%
NOON
67.1%
LOON
67.1%
CHAD
66.4%
LOOT
65.5%
% Correct
upper floor
65.5%
REED
65.1%
underwater ledge
65.1%
peruse writing
65.1%
0~O~0~O~0~O~0
64.9%
0~O~0~O~0~O~0
64.9%
READ
62%
REEF
59.8%
LOFT
59.6%
cad
56.8%
BOON
54.7%
FLEX
52.8%
0~O~0~O~0~O~0
50.3%
0~O~0~O~0~O~0
50.3%
achiever
50.2%
entrance
50.1%
0~O~0~O~0~O~0
50%
0~O~0~O~0~O~0
50%
unpleasant fate
49.9%
DOOR
49.8%
0~O~0~O~0~O~0
49.1%
0~O~0~O~0~O~0
49.1%
gloomy
49%
BOOR
48.7%
DOER
46.8%
DOOM
45.9%
univ. residence
45.9%
DORM
45.1%
0~O~0~O~0~O~0
43%
0~O~0~O~0~O~0
43%
76/19
41.5%
0~O~0~O~0~O~0
41.3%
0~O~0~O~0~O~0
41.3%
deceive
41.2%
rank; putrid
41.1%
0~O~0~O~0~O~0
40.8%
0~O~0~O~0~O~0
40.8%
0~O~0~O~0~O~0
40.6%
0~O~0~O~0~O~0
40.6%
chilly
40.4%
0~O~0~O~0~O~0
40.4%
0~O~0~O~0~O~0
40.4%
curl around
40.4%
prepare food
40%
COOL
39.7%
stopper
39.7%
COOK
39.4%
sightsee
39.2%
DOUR
39.2%
FOOL
39.2%
third of a yard
39.2%
spirit
39%
FOUL
38.9%
FOUR
38.9%
0~O~0~O~0~O~0
38.8%
0~O~0~O~0~O~0
38.8%
0~O~0~O~0~O~0
38.5%
0~O~0~O~0~O~0
38.5%
labor
38.3%
CORK
38%
apple center
38%
sentence unit
37.9%
branch off
37.8%
WORK
37.8%
% Correct
CORE
37.5%
hospital division
37.2%
WORD
37%
toasty
36.9%
WARD
36.7%
0~O~0~O~0~O~0
36.7%
0~O~0~O~0~O~0
36.7%
0~O~0~O~0~O~0
36.5%
0~O~0~O~0~O~0
36.5%
FOOT
36.4%
detriment
36.4%
WARM
36.4%
common bait
36.4%
WORM
36.1%
work hard
35.6%
TOUR
34.9%
drill or saw, eg
34.7%
whistle sound
33.9%
dirt
33.8%
TOOL
33.7%
SOUL
33.7%
TOIL
33.6%
COIL
33.5%
0~O~0~O~0~O~0
32.6%
0~O~0~O~0~O~0
32.6%
laud
32.4%
TOOT
32%
SOIL
31.7%
HARM
29.5%
FORK
26.9%
boxing match
26.1%
0~O~0~O~0~O~0
25.9%
0~O~0~O~0~O~0
25.9%
sulk
25.6%
TOUT
25.5%
0~O~0~O~0~O~0
25.5%
0~O~0~O~0~O~0
25.5%
BOUT
25.4%
vessel
25.4%
upright support
25.2%
POUT
25%
BOAT
24.8%
nuisance
20.2%
POST
20%
avian construction
20%
PEST
19.9%
tidy
19.7%
NEST
19.6%
0~O~0~O~0~O~0
19.6%
0~O~0~O~0~O~0
19.6%
subsequent
19.5%
NEAT
19.5%
written content
19.3%
NEXT
19.2%
examination
19.1%
unrivaled
18.9%
TEST
18.9%
camp dwelling
18.9%
TEXT
18.9%
TENT
18.7%
color brightness
18.7%
BEST
18.6%
NICELY DONE
18%
TINT
17.9%
Remove Ads.
Support Sporcle.
Get the best of Sporcle when you Go Orange. This ad-free experience offers more features, more stats, and more fun while also helping to support Sporcle. Thank you for becoming a member.

You're not logged in!

Compare scores with friends on all Sporcle quizzes.
OR
Log In

Show Comments

Extras

Top Quizzes Today


Score Distribution

Your Account Isn't Verified!

In order to create a playlist on Sporcle, you need to verify the email address you used during registration. Go to your Sporcle Settings to finish the process.

Report this User

Report this user for behavior that violates our Community Guidelines.

Details: